000 00740nam a22001935i 4500
001 152158
003 ES-MaACL
005 20230906204547.0
008 051010s1875 gw | |||||||| ||eng d
040 _aCAM
_bspa
_cCAM
100 1 _aBlackmore, Richard Doddridge.
_929077
245 1 0 _aAlice Lorraine
_b: a tale of the south downs /
_cby Richard Doddridge Blackmore.
260 _aLeipzig :
_bBernhard Tauchnitz,
_c1875.
300 _a2 v. (331 ; 328 p.) ;
_c16 cm.
490 1 _aCollection of british authors ;
_v1499-1500
830 0 _aCollection of british authors ;
_v1499-1500
_9180703
852 _aES-MaACL
_jG-11371
_z-- Enc. hol., conservando la cub. original
_z-- Enc. al final 16 p. de propaganda ed.
999 _c152158
_d152158